| 000 | 00726cam a2200241 4500 | ||
|---|---|---|---|
| 008 | 000000n2001 000 0 eng u | ||
| 020 | _a0859514560 | ||
| 035 | _a(Sirsi) u111394 | ||
| 050 | _a614.836 | ||
| 100 |
_aDoll, Richard _xChairman |
||
| 110 |
_aNational Radiological Protection Board _9241 |
||
| 245 | _aELF electromagnetic fields and the risk of cancer - report of an Advisory Group on Non-ionising radiation. | ||
| 260 |
_aDidcot, Oxon,NRPB _c2001 |
||
| 300 | _a179p. ; 24p. | ||
| 350 | _a30.00 | ||
| 490 |
_aNRPB _v12 1 2001 |
||
| 650 | _aELECTROMAGNETIC FIELDS | ||
| 650 | _aELECTRICAL APPLIANCES | ||
| 650 | _aCANCER | ||
| 650 | _aHEALTH RISKS | ||
| 690 |
_aHealth and safety _96244 |
||
| 942 | _n0 | ||
| 999 |
_c101239 _d101239 |
||